| 000 | 00675nam a22001937a 4500 | ||
|---|---|---|---|
| 999 |
_c177294 _d177294 |
||
| 005 | 20210217164014.0 | ||
| 010 | _aB-736915 | ||
| 020 |
_a9789350020517 _c150.00 |
||
| 035 | _aB-736915 | ||
| 037 | _bGift/Eng/03-02-2021 | ||
| 082 | _a325.3 | ||
| 100 | _aCesaire, Aime | ||
| 245 |
_aDiscourse on colonialism / _cby Aime Cesaire ; translated by Joan Pinkham |
||
| 260 |
_aDelhi _bAakar Books _c2010 |
||
| 270 |
_a28E Pocket IV, Mayur Vihar, Phase I _bDelhi _e110091 |
||
| 300 | v |
_a102p. _c21cm(pbk) |
|
| 942 |
_2ddc _cEN _mCES _h325.3 |
||